Človek ajeho jazyk/1 Jazyk ako fenomén kultúry

Salvato in:
Dettagli Bibliografici
Natura: Libro
Lingua:slovacco
Pubblicazione: Bratislava VEDA 2019
Soggetti:
Tags: Aggiungi Tag
Nessun Tag, puoi essere il primo ad aggiungerne!!

MARC

LEADER 00000nam a22000003a 4500
001 0084541
003 SK-STU
005 20201119141719.0
007 ta
008 201119s ----xo-----e------000-0-----d
020 |a 80-224-0641-4 
040 |a STU  |b slo 
041 0 |a slo 
245 1 0 |a Človek ajeho jazyk/1  |b Jazyk ako fenomén kultúry 
260 |a Bratislava  |b VEDA  |c 2019 
300 |a 522 s. 
650 0 7 |a Jazyk slovenský 
996 |b 284J046201  |c J* 118748  |l JJSK  |s A  |a 24  |w 0084541_0001